| 000 | 004160000a22001690004500 | ||
|---|---|---|---|
| 003 | MACL | ||
| 005 | 20151001155255.0 | ||
| 008 | 151001b xxu||||| |||| 00| 0 eng d | ||
| 040 |
_aMACL _cEnglish |
||
| 082 | _a900 | ||
| 100 |
_aGarrett, H.L.O. _913098 |
||
| 245 | _aA History Of The Sikhs | ||
| 260 |
_bAsian Educational Services _c1994 _aDelhi |
||
| 350 | _a295 | ||
| 650 |
_aHistory _913099 |
||
| 942 |
_cBK _k900 _2ddc |
||
| 999 |
_c3256 _d3256 |
||